Định mức dự toán duy trì hệ thống chiếu sáng công cộng và hệ thống thoát nước đô thị
Nội dung sách giúp người đọc có thêm hiểu biết về định mức sự toán duy trì hệ thống chiếu sáng công cộng được ban hành theo Quyết định số 38/2005/QĐ-BXD ngày 2 tháng 11 năm 2005 của Bộ trưỏng Bộ Xây dựng....
Zapisane w:
| Korporacja: | |
|---|---|
| Format: | Książka |
| Język: | Undetermined |
| Wydane: |
Hà Nội
Xây Dựng
2006
|
| Hasła przedmiotowe: | |
| Etykiety: |
Dodaj etykietę
Nie ma etykietki, Dołącz pierwszą etykiete!
|
| Thư viện lưu trữ: | Trung tâm Học liệu Trường Đại học Cần Thơ |
|---|
| LEADER | 01046nam a2200217Ia 4500 | ||
|---|---|---|---|
| 001 | CTU_112600 | ||
| 008 | 210402s9999 xx 000 0 und d | ||
| 020 | |c 22000 | ||
| 082 | |a 338.47624 | ||
| 082 | |b B450 | ||
| 110 | |a Bộ Xây Dựng | ||
| 245 | 0 | |a Định mức dự toán duy trì hệ thống chiếu sáng công cộng và hệ thống thoát nước đô thị | |
| 245 | 0 | |c Bộ Xây Dựng | |
| 260 | |a Hà Nội | ||
| 260 | |b Xây Dựng | ||
| 260 | |c 2006 | ||
| 520 | |a Nội dung sách giúp người đọc có thêm hiểu biết về định mức sự toán duy trì hệ thống chiếu sáng công cộng được ban hành theo Quyết định số 38/2005/QĐ-BXD ngày 2 tháng 11 năm 2005 của Bộ trưỏng Bộ Xây dựng. | ||
| 650 | |a Construction industry,Sewage disposal in the ground,Electric lighting,Wastewater | ||
| 650 | |x Costs | ||
| 904 | |i Minh | ||
| 980 | |a Trung tâm Học liệu Trường Đại học Cần Thơ | ||